Developing countries and the WTO: policy approaches (Record no. 441178)

000 -LEADER
fixed length control field 00539cam a22001577a 4500
008 - FIXED-LENGTH DATA ELEMENTS--GENERAL INFORMATION
fixed length control field 180718b2008 xxu||||| |||| 00| 0 eng d
020 ## - INTERNATIONAL STANDARD BOOK NUMBER
International Standard Book Number 9788189640903
082 ## - DEWEY DECIMAL CLASSIFICATION NUMBER
Classification number T39 Sa48d
245 ## - TITLE STATEMENT
Title Developing countries and the WTO: policy approaches
Statement of responsibility, etc. edited by Gary P. Sampson and W. Bradnee Chambers
260 ## - PUBLICATION, DISTRIBUTION, ETC.
Place of publication, distribution, etc. New Delhi
Name of publisher, distributor, etc. Bookwell
Date of publication, distribution, etc. 2008
300 ## - PHYSICAL DESCRIPTION
Extent 327p.
650 ## - SUBJECT ADDED ENTRY--TOPICAL TERM
Topical term or geographic name entry element Developing countries --Commercial policy
650 ## - SUBJECT ADDED ENTRY--TOPICAL TERM
Topical term or geographic name entry element World Trade Organization --Developing countries
700 ## - ADDED ENTRY--PERSONAL NAME
Personal name Chambers, W. Bradnee
700 ## - ADDED ENTRY--PERSONAL NAME
Personal name Sampson, Gary P.
Holdings
Withdrawn status Lost status Damaged status Not for loan Permanent Location Current Location Date acquired Full call number Barcode Date last seen Price effective from Koha item type
        Indian Institute of Public Administration Indian Institute of Public Administration 2010-12-08 T39 Sa48d 84185 2018-07-21 2018-07-21 Book

Powered by Koha